Němčina pro podnikání

Enregistré dans:
Détails bibliographiques
Auteur principal: Vomáčková, Olga
Format: Livre
Langue:tchèque
Publié: Olomouc ALDA 1990
Édition:1. vyd.
Tags: Ajouter un tag
Pas de tags, Soyez le premier à ajouter un tag!

MARC

LEADER 00000nam a2200000 4500
001 c023579
005 20250512104305.6
041 0 |a cze 
044 |a CZ 
245 1 0 |a Němčina pro podnikání  |c Olga Vomáčková 
250 |a 1. vyd. 
264 1 |a Olomouc  |b ALDA  |c 1990 
300 |a 65 s. 
100 1 |a Vomáčková, Olga